ბათუმის შოთა რუსთაველის სახელმწიფო უნივერსიტეტის ბიბლიოთეკა

ტესტები...სავარჯიშოები...სიტუაციები...ამოცანები...ეკონომიკასა და ბიზნესში / (ბიბ.ჩანაწერი № 34411)

000 -ლიდერი
ფიქსირებული სიგრძის საკონტროლო ველი 01336nam a2200265Ia 4500
001 - საკონტროლო ნომერი
საკონტროლო ველი 116
003 - საკონტროლო ნომრის იდენტიფიკატორი
საკონტროლო ველი GE_BSU
005 - ბოლო ოპერაციის თარიღი და დრო
საკონტროლო ველი 20191111165746.0
008 - ფიქსირებული სიგრძის მონაცემთა ელემენტები - ზოგადი ინფორმაცია
ფიქსირებული სიგრძის საკონტროლო ველი 181216s2010||||ge |||||||||||||| ||geo||
020 ## - წიგნის საერთაშორისო სტანდარტული ნომერი
International Standard Book Number 9789941002168
040 ## - კატალოგიზაციის წყარო
Transcribing agency GE_BSU
041 ## - ენის კოდი
Language code of text/sound track or separate title geo
080 ## - უნივერსალური ათობითი კლასიფიკაციის ინდექსი
Universal Decimal Classification number 330.1(076)+338.22(0760)+371.277.2 ტ–50
245 ## - ცნობა სათაურის შესახებ
Title ტესტები...სავარჯიშოები...სიტუაციები...ამოცანები...ეკონომიკასა და ბიზნესში /
Statement of responsibility, etc ნინო ტალახაძე, ლია გიგაური, გულნაზ ერქომაიშვილი, ქეთევან მდინარაძე.
264 ## - წარმოების, გამოცემის, დისტრიბუციის და სხვა ცნობები
გამოცემის, წარმოების, დისტრიბუციის... ადგილი თბილისი :
გამოცემის, წარმოების, დისტრიბუციის... სახელწოდება ,,სიდი'',
გამოცემის, წარმოების, დისტრიბუციის... თარიღი 2010.
300 ## - ფიზიკური აღწერა
Extent 220 გვ.;
Other physical details 29სმ.
653 ## - INDEX TERM--UNCONTROLLED
Uncontrolled term ტესტები ბიზნესში
653 ## - INDEX TERM--UNCONTROLLED
Uncontrolled term ტესტები ეკონომიკაში
700 ## - ADDED ENTRY--PERSONAL NAME
Personal name ტალახაძე, ნინო
Relator term ავტორი
9 (RLIN) 5291
700 ## - ADDED ENTRY--PERSONAL NAME
Personal name გიგაური, ლია
Relator term ავტორი
9 (RLIN) 5292
700 ## - ADDED ENTRY--PERSONAL NAME
Personal name ერქომაიშვილი, გულნაზ
Relator term ავტორი
9 (RLIN) 2815
700 ## - ADDED ENTRY--PERSONAL NAME
Personal name მდინარაძე, ქეთევან
Relator term ავტორი
9 (RLIN) 5293
942 ## - ADDED ENTRY ELEMENTS (KOHA)
Koha item type წიგნი
Source of classification or shelving scheme
ეგზემპლარები
ჩამოწერის სტატუსი დაკარგული ეგზემპლარის სტატუსი კლასიფიკაციის წყარო ან თაროზე გაწყობის სქემა დაზიანების სტატუსი არ გაიცემა მუდმივი მდებარეობა (დაცვის ადგილი) ამჟამინდელი ადგილსამყოფელი თაროზე განთავსების ადგილი შეძენის თარიღი ღირებულება, შესყიდვის ნორმალური ფასი სრული შენახვის შიფრი შტრიხკოდი ბოლო ოპერაციის თარიღი ეგზემპლარის მიმდევრობითი ნომერი (კეტერი?) ფასის ძალაში შესვლის თარიღი ეგზემპლარის სახეობა საჯარო შენიშვნა
          ბათუმის შოთა რუსთაველის სახელმწიფო უნივერსიტეტის მთავარი ბიბლიოთეკა ბათუმის შოთა რუსთაველის სახელმწიფო უნივერსიტეტის მთავარი ბიბლიოთეკა წიგნსაცავი 2018-12-17 20.00 330.1(076)+338.22(0760)+371.277.2 ტ–50 2104 2018-12-17 2104 2018-12-17 წიგნი 20 ლ.
          ბათუმის შოთა რუსთაველის სახელმწიფო უნივერსიტეტის მთავარი ბიბლიოთეკა ბათუმის შოთა რუსთაველის სახელმწიფო უნივერსიტეტის მთავარი ბიბლიოთეკა წიგნსაცავი 2018-12-17 20.00 330.1(076)+338.22(0760)+371.277.2 ტ–50 2105 2018-12-17 2105 2018-12-17 წიგნი 20 ლ.